000 00383nam a2200145Ia 4500
008 230917s9999||||xx |||||||||||||| ||und||
040 _e227645
_aMAIN
041 _aEnglish
082 _a301.412 P979S
100 _aPushpa Kumari
245 0 _a73ven samvaidhanik sanshodhan ke baad Haryana mein mahila sarpanchon ki bhoomika
260 _c2013
300 _a129 p.
942 _cTH
999 _c126669
_d126669